000 00295nam a22001337a 4500
008 170601b xxu||||| |||| 00| 0 eng d
020 _a9780028237763
041 _aeng
080 _a93
100 _a17
101 _aSHH
245 _aHISTORY OF A FREE NATION
_cBRAGDON, H.W
942 _2udc
_cBK
999 _c15327
_d15327